Κατάλογος Βιβλιοθηκών Mediterranean College

Κυτιοποιία (Record no. 4267)

MARC details
000 -LEADER
fixed length control field 01132cam a22002054a 4500
005 - ΗΜΕΡΟΜΗΝΙΑ ΚΑΙ ΩΡΑ ΤΕΛΕΥΤΑΙΑΣ ΕΝΗΜΕΡΩΣΗΣ
Πεδίο ελέγχου 20250605164141.0
008 - FIXED-LENGTH DATA ELEMENTS--GENERAL INFORMATION
Πεδίο ελέγχου σταθερού μήκους 250528s ||||||||||||||||||||||||d
035 ## - SYSTEM CONTROL NUMBER
System control number 18974
020 ## - ISBN
ISBN 9604053795
040 ## - ΠΗΓΗ ΚΑΤΑΛΟΓΟΓΡΑΦΗΣΗΣ
Φορέας πρωτότυπης καταλογογράφησης MC Athens Campus Library
Γλώσσα καταλογογράφησης Ελληνικά, Μοντέρνα (1453-)
Modifying agency MC Athens Campus Library
Κανόνες περιγραφικής καταλογογράφησης AACR2
245 1# - ΤΙΤΛΟΣ ΚΑΙ ΔΗΛΩΣΗ ΥΠΕΥΘΥΝΟΤΗΤΑΣ
Τίτλος Κυτιοποιία
260 ## - PUBLICATION, DISTRIBUTION, ETC.
Name of publisher, distributor, etc. Ίων,
Date of publication, distribution, etc. 1992
300 ## - PHYSICAL DESCRIPTION
Extent 232
505 0# - FORMATTED CONTENTS NOTE
Formatted contents note Διπλωτά Χάρτινα Κουτιά, Χαρτοθύλακες Ασηπτικής Συσκευασίας, Στγημένα Χάρτινα Κουτιά, Μεταλλικά Κουτιά, Χαρτοκιβώτια, Ερμηνευτικό Γλωσσάριο Βασικών Όρων Κυτιοποιίας, Βιβλιογραφία.
520 ## - SUMMARY, ETC.
Summary, etc. Διπλωτά Χάρτινα Κουτιά, Χαρτοθύλακες Ασηπτικής Συσκευασίας, Στγημένα Χάρτινα Κουτιά, Μεταλλικά Κουτιά, Χαρτοκιβώτια, Ερμηνευτικό Γλωσσάριο Βασικών Όρων Κυτιοποιίας, Βιβλιογραφία.
700 1# - ΠΡΟΣΘΕΤΗ ΑΝΑΓΡΑΦΗ--ΦΥΣΙΚΟ ΠΡΟΣΩΠΟ
Personal name Καρακασιδης Ν.Γ
9 (RLIN) 5253
942 ## - ADDED ENTRY ELEMENTS (KOHA)
Koha item type Books
Holdings
Τύπος τεκμηρίου Βιβλιοθήκη Τρέχουσα τοποθεσία Barcode Αριθμός εισαγωγής Ημερομηνία απόκτησης Ταξιθετικό σύμβολο Αριθμός αντιτύπου Κατάσταση απόσυρσης Κατάσταση χαμένου Κατάσταση κατεστραμμένου Μη δανεισμός Σύνολο δανεισμών Ημερομηνία τελευταίας εμφάνισης Η τιμή ισχύει από
Books MC Athens Campus Library MC Athens Campus Library 9780000042668 3906 05/06/2025 688.8 KAR 1           05/06/2025 05/06/2025

MC Athens Campus Library
Πατησίων 94 & Κοδριγκτώνος 13, 104 34
Πελλήνης 8 & Πατησίων 107, 112 51
Τ: +30 210 8899600

MC Thessaloniki Campus Library
Ίωνος Δραγούμη 21, 54625 | Ίωνος Δραγούμη 15, 54625
Τ: +30 2310 287779 – Τ: +30 2314 440300